Horror movies starting with 'A' - Statistics

General Stats
  • This quiz has been taken 45 times
  • The average score is 4 of 12
Answer Stats
Year Released Quotes Answer % Correct
1979 With a little luck, the network will pick me up. This is Ripley, last survivor of the Nostromo, signing off. Alien
87%
2014 I like your dolls. Annabelle
68%
1979 What do you want from us? Goddamnit, this is *MY* house! The Amityville Horror
58%
2000 I have to return some videotapes American Psycho
34%
1981 Queen Elizabeth is a man! Prince Charles is a faggot! Winston Churchill was full of shit! An American Werewolf in London
26%
2024 those are fuckin' onions. Abigail
24%
1997 Never look in the eyes, of those you kill. They will haunt you forever. I know. Anaconda
18%
2018 The mutations were subtle at 1st; more extreme as we got closer to the lighthouse. Corruptions of form. Duplicates of form. Annihilation
18%
2014 Abandon all hope, ye who enter here As Above, So Below
16%
1990 Would anyone object if I tore this floor out?I would. Arachnophobia
5%
2024 No pleasure, no rapture, no exquisite sin greater... than central air. Azrael
3%
2024 What are you, animals? You want to be animals? Arcadian
0%
No matching quizzes found
Score Distribution
Percent of People with Each Score
Percentile by Number Answered
Your Score History
You have not taken this quiz